000 00523pam a2200157a 44500
008 230515b2013 xxu||||| |||| 00| 0 eng d
020 _aNULL
041 _aENGLISH
082 _a1
100 _aVD. RAHUL GAJARE
245 _aTHE COMPARATIVE STUDY OF DEVDARU AND HARITKADI YOGA CHARITAKI DEVADARU SHUNTHI PANARANAVA IN GARBHINI SHOTHA
250 _a1
260 _a
_bN.D.
_c2013
300 _a500
650 _aTHE COMPARATIVE STUDY OF DEVDARU AND HARITKADI YOGA CHARITAKI DEVADARU SHUNTHI PANARANAVA IN GARBHINI SHOTHA
999 _c498564
_d498564